000 00308nam a22001337a 4500
008 170526b xxu||||| |||| 00| 0 eng d
020 _a0444887806
041 _aeng
080 _a62
100 _a25
101 _aIM
245 _aHARDWARE AND SOFTWARE IN SYSTEM ENGINEERING
_cFAY.D
942 _2udc
_cBK
999 _c14509
_d14509